000 01076nam a22002055i 4500
001 170952
003 ES-MaACL
005 20230906214515.0
008 090420s1866 po |||| | por d
100 1 _aRibeiro, Carlos.
_996751
245 1 0 _aDescripçâo do terreno quaternario das bacias dos rios Tejo e Sado =
_bDescription du terrain quaternaire de bassins du Tage du Sado /
_cpor Carlos Ribeiro ; com a versaâo franceza = avec la version française / par M. Dalhunty.
246 3 _aDescription du terrain quaternaire de bassins du Tage du Sado
260 _aLisboa :
_b[s.n.],
_c1866 (
_fTyp. da Academia Real das Sciencias)
300 _a164 p., [1] h. pleg. de mapa :
_bil. ;
_c32 cm.
500 _aPrecede al tít. en cub.: Commissâo Geologica de Portugal, Estudos Geologicos.
546 _aTexto en paralelo en portugués y francés.
650 _aGeología-
_zPortugal.
_9167306
700 1 _aDalhunty. M.
_9126690
852 _aES-MaACL
_jB-8083(2)
_z- Dedicatoria ms. del autor a Federico de Botella y Hornos
_z- Legado de Federico de Botella y Hornos
999 _c170952
_d170952